What is the gospel: (Record no. 11018)

000 -LEADER
fixed length control field 00600nam a2200181 a 4500
001 - CONTROL NUMBER
control field :::00008811$&:&@@
003 - CONTROL NUMBER IDENTIFIER
control field OkBaRHE
005 - DATE AND TIME OF LATEST TRANSACTION
control field 20000607103346.0
008 - FIXED-LENGTH DATA ELEMENTS--GENERAL INFORMATION
fixed length control field s1918 j 000 0 eng u
040 ## - CATALOGING SOURCE
Transcribing agency
100 1# - MAIN ENTRY--PERSONAL NAME
Personal name Trumbull, Charles Gallaudet, 1872-
245 10 - TITLE STATEMENT
Title What is the gospel:
Remainder of title straightforward talks on evangelism.
260 ## - PUBLICATION, DISTRIBUTION, ETC. (IMPRINT)
Place of publication, distribution, etc Philadelphia, PA., :
Name of publisher, distributor, etc The Sunday School Times Co.
Date of publication, distribution, etc c1918
300 ## - PHYSICAL DESCRIPTION
Extent 80 p. ;
Dimensions 19 cm.
650 ## - SUBJECT ADDED ENTRY--TOPICAL TERM
Topical term or geographic name as entry element Evangelistic Work
942 ## - ADDED ENTRY ELEMENTS (KOHA)
Source of classification or shelving scheme
Koha item type Books
Copies
Date acquired Barcode Lost status Source of classification or shelving scheme Permanent Location Koha item type Date last seen Shelving location Price effective from Withdrawn status Full call number Copy number Damaged status Not for loan
2010-04-148811  RHEMA Bible Training CollegeBooks2010-04-14General Stacks2010-04-14 BV 3795 .T6991